F1 Drivers Trivia (2025) #2 - Statistics

General Stats
  • This quiz has been taken 185 times
  • The average score is 12 of 15
Answer Stats
Question Answer % Correct
Which one of these drivers is Spanish? Carlos Sainz
97%
Which one of these is a driver on the 2025 grid? Nico Hulkenberg
97%
Which one of these drivers is from Thailand? Alexander Albon
95%
Which one of these drivers has the most world championships? Lewis Hamilton
95%
Which one of these drivers drives for Haas? Oliver Bearman
94%
Which one of these drivers is not on the 2025 F1 grid? Daniel Ricciardo
93%
Who is the only Brazilian driver on the 2025 grid? Gabriel Bortoleto
93%
Which driver here currently drives for Racing Bulls? Isack Hadjar
91%
Which one of these drivers is British? Oliver Bearman
91%
Who is the winner of the Saudi Arabia Grand Prix for 2025? Oscar Piastri
84%
Which person here is the reserve driver of Ferrari for 2025? Guanyu Zhou
72%
Who is the oldest of these drivers? Jack Doohan
69%
Which driver here was on the podium of the Bahrain Grand Prix? George Russell
38%
Who is the youngest of these drivers? Lance Stroll
33%
Who is the youngest of these drivers? Esteban Ocon
16%
No matching quizzes found
Score Distribution
Percent of People with Each Score
Percentile by Number Answered
Your Score History
You have not taken this quiz